000
00336nam a22001457a 4500
008
250417b ||||| |||| 00| 0 eng d
020
_a
9789928391254
041
_a
SHQIP
080
_2
2023
_a
82SHE
082
_2
82SHE
_a
82SHE
100
_a
01
101
_a
GJUHE DHE LETERSI
245
_a
MAKBETHI
_c
UILIAM SHEKSPIR
942
_2
udc
_c
BK
999
_c
60650
_d
60650